000
00329nam a2200157Ia 4500
100
_a
Thampi/G.T
650
_a
Java
942
_c
BK
366
_f
25
654
_a
java
245
_a
Object Oriented programming in Java
260
_b
Dream tech
_c
2010
082
_a
5.133
_b
THA
546
_a
ENGLISH
_c
PAMPHALETS
999
_c
34253
_d
34253